MARC details
| 000 -BAŞLIK |
| Sabit Uzunlukta Kontrol Alanı |
02095na a2200469 4500 |
| 999 ## - SİSTEM KONTROL NUMARALARI (KOHA) |
| Koha Biblionumber |
7902 |
| Koha Biblioitemnumber |
7902 |
| 001 - KONTROL NUMARASI |
| Denetim Alanı |
19507 |
| 003 - KONTROL NUMARASI IDENTIFIER |
| Denetim Alanı |
MIRAKIL |
| 005 - SON İŞLEM TARİHİ VE ZAMANI |
| Denetim Alanı |
20210901173253.0 |
| 008 - SABİT-BOY VERİ ELEMANLARI - GENEL BİLGİLER |
| Sabit Uzunlukta Kontrol Alanı |
170215b tu 000 0 |
| 035 ## - SİSTEM KONTROL NUMARASI |
| Sistem Kontrol Numarası |
19507 |
| 040 ## - KATALOGLAMA KAYNAK |
| Orijinal Kataloglama Ajansı |
TR-AnCHP |
| Kataloglama Dili |
tur |
| Metne Dönüştürmek Ajansı |
TR-AnCHP |
| 041 ## - DİL KODU |
| Metin / Ses Parça Veya Ayrı Başlığın Dil Kodu |
tur |
| 082 ## - DEWEY ONLU SINIFLANDIRMA NUMARASI |
| Sınıflandırma Numarası |
CHP 338.1 |
| Ürün Numarası |
C36g 2014 |
| 090 ## - SINIFLAMA NUMARASI |
| Sınıflama Numarası |
CHP 338.1 C36g 2014 |
| 110 ## - ANA GİRİŞ - KURUMSAL ADI |
| Giriş Elemanı Olarak Kurumsal Ad Veya Yargı Alanı Adı |
Cumhuriyet Halk Partisi (CHP) |
| 222 ## - ANAHTAR ADI |
| Anahtar Başlık |
Tarım raporları |
| 222 ## - ANAHTAR ADI |
| Anahtar Başlık |
Tarım programı |
| 245 ## - BAŞLIK TABLOSU |
| Başlık |
Tarım programı: |
| Başlığın Kalan |
Gelecek için tarım bu toprakların bereketinden herkes yararlanacak/ |
| Sorumluluk Tablosu, Vb |
CHP. |
| 246 ## - UNVAN FORM VARYING |
| Başlık Doğru / Kısa Başlığı |
CHP yeni tarım düzeni |
| 246 ## - UNVAN FORM VARYING |
| Başlık Doğru / Kısa Başlığı |
CHP tarım programı |
| 260 ## - YAYIN, DAĞITIM, VB |
| Yayın, Dağıtım, Vb Yeri |
Ankara |
| Yayıncı, Dağıtıcı, Vs Adı |
CHP |
| Yayın, Dağıtım, Vb Tarihi |
2014 |
| 300 ## - FİZİKSEL TANIM |
| Kapsam |
53 s. |
| Diğer Fiziksel Ayrıntıları |
rnkl. res.; tbl.; grf.; hrt. |
| Boyutlar |
24 sm. |
| 440 ## - SERİSİ TABLOSU / KATMA GİRİŞİ - BAŞLIK |
| Başlık |
Cumhuriyet Halk Partisi yayınları |
| Bir İşin Parçası / Bölümün İsmi |
Seçim kampanyaları |
| -- |
Programlar |
| 500 ## - GENEL NOT |
| Genel Not |
Dış kapakta adı : Cumhuriyetin 100. yılında doğru yeni tarım düzeni : Üretici dostu, tüketici dostu, doğa dostu tarım programı |
| 505 ## - BİÇİMLENDİRİLDİ İÇİNDEKİLER NOT |
| Biçimlendirilmiş İçeriği Dikkat |
Cumhuriyet Halk Partisi yeni tarım düzeni - AKP'nin çiftçiyi imha planı -- Cumhuriyet Halk Partisi tarım programı |
| 610 ## - KONU KATMA GİRİŞ - TOPLANTI ADI |
| Giriş Elemanı Olarak Kurumsal Ad Veya Yargı Alanı Adı |
CHP |
| Genel Alt Bölüm |
Propaganda ve ideolojiler |
| Kronolojik Alt Bölüm |
Tarım politikaları |
| 610 ## - KONU KATMA GİRİŞ - TOPLANTI ADI |
| Giriş Elemanı Olarak Kurumsal Ad Veya Yargı Alanı Adı |
CHP |
| Genel Alt Bölüm |
Programlar, 2014 |
| Kronolojik Alt Bölüm |
Tarım |
| 610 ## - KONU KATMA GİRİŞ - TOPLANTI ADI |
| Giriş Elemanı Olarak Kurumsal Ad Veya Yargı Alanı Adı |
CHP |
| Genel Alt Bölüm |
Seçim kampanyaları, 2014 |
| Kronolojik Alt Bölüm |
Tarım politikaları |
| 610 ## - KONU KATMA GİRİŞ - TOPLANTI ADI |
| Giriş Elemanı Olarak Kurumsal Ad Veya Yargı Alanı Adı |
CHP |
| Genel Alt Bölüm |
Tarım sorunları |
| Kronolojik Alt Bölüm |
Çözüm önerileri |
| 740 ## - KATMA GİRİŞ - KONTROLSUZ İLGİLİ / ANALİTİK BAŞLIK |
| Kontrol Edilmeyen / İlgili Analitik Başlıktaki |
CHP tarım programları |
| 740 ## - KATMA GİRİŞ - KONTROLSUZ İLGİLİ / ANALİTİK BAŞLIK |
| Kontrol Edilmeyen / İlgili Analitik Başlıktaki |
Cumhuriyetin 100. yılında doğru yeni tarım düzeni |
| 740 ## - KATMA GİRİŞ - KONTROLSUZ İLGİLİ / ANALİTİK BAŞLIK |
| Kontrol Edilmeyen / İlgili Analitik Başlıktaki |
Üretici dostu, tüketici dostu, doğa dostu tarım programı |
| 740 ## - KATMA GİRİŞ - KONTROLSUZ İLGİLİ / ANALİTİK BAŞLIK |
| Kontrol Edilmeyen / İlgili Analitik Başlıktaki |
Cumhuriyet Halk Partisi yeni tarım düzeni yeni tarım düzeni |
| 740 ## - KATMA GİRİŞ - KONTROLSUZ İLGİLİ / ANALİTİK BAŞLIK |
| Kontrol Edilmeyen / İlgili Analitik Başlıktaki |
Cumhuriyet Halk Partisi yeni tarım düzeni tarım programı |
| 740 ## - KATMA GİRİŞ - KONTROLSUZ İLGİLİ / ANALİTİK BAŞLIK |
| Kontrol Edilmeyen / İlgili Analitik Başlıktaki |
Cumhuriyetin 100. yılında doğru yeni tarım düzeni : Üretici dostu, tüketici dostu, doğa dostu tarım programı |
| 740 ## - KATMA GİRİŞ - KONTROLSUZ İLGİLİ / ANALİTİK BAŞLIK |
| Kontrol Edilmeyen / İlgili Analitik Başlıktaki |
AKP'nin çiftçiyi imha planı |
| 830 ## - SERİSİ EKLENDİ GİRİŞ - ÜNİFORM ADI |
| Üniforma Başlık |
CHP programları |
| 942 ## - EKLENDİ GİRİŞ ELEMANLARI (KOHA) |
| Koha Öğesi Türü |
Books |
| Sınıflandırma Veya Raf Düzeni Kaynak |
Dewey Decimal Classification |
| 999 ## - SİSTEM KONTROL NUMARALARI (KOHA) |
| Koha Biblioitemnumber |
7902 |
| 999 ## - SİSTEM KONTROL NUMARALARI (KOHA) |
| Koha Biblioitemnumber |
7902 |